000 00814nam a2200193 4500
008 171212b xxu||||| |||| 00| 0 eng d
020 _a0879679263
082 _21991
_aDC 808.853
_bT13
245 _aTaking sides :
_b Clashing views on controversial political issues /
_c edited, selected, and with introductions by George McKenna and Stanley Feingold
250 _aSeventh edition.
260 _aGuilford, Conn. :
_bDushkin Pub. Group,
_c©1991.
300 _axxi, 394 pages :
_billustrations ;
_c24 cm.
500 _aIncludes bibliographical references and index.
650 0 _924809
_aUnited States
_xPolitics and government
_y1945-1953
650 0 _924810
_aRight and left (Political science).
700 _924811
_aMcKenna, George, editor.
700 _924812
_aFeingold, Stanley, editor.
942 _2ddc
_cDC
999 _c8042
_d8042